Nennen Sie die 10 Städte mit dem höchsten Riesenrad - Statistiken

Allgemein
  • Dieses Quiz wurde 53 mal gespielt
  • Das Durchschnittsergebnis liegt bei 5 aus 20
Antwortstatistiken
Hint Antwort % Korrekt
135 m London
94%
213 m Dubai
51%
168 m Las Vegas
41%
Vereinigte Staaten
35%
Vereinigte Staaten
35%
165 m Singapur
31%
Singapur
31%
China
29%
China
29%
China
29%
China
29%
Großbritannien
24%
Vereinigte Arabische Emirate
22%
Australien
12%
120 m Melbourne
12%
122 m Orlando
8%
120 m Tianjin
6%
120 m Changsha
2%
160 m Nanchang
0%
120 m Suzhou
0%
Keine übereinstimmenden Quizze gefunden
Verteilung der Resultate
Anzahl Personen mit jedem Resultat
Perzentil nach korrekt beantworteten Fragen
Ihre Resultats-Entwicklung
Sie haben dieses Quiz noch nicht gespielt